[Event "SR 5. liga SE-SI 2017/2018"]
[Site "?"]
[Date "2017.12.16"]
[Round "5.4"]
[White "Novomeska, Karin"]
[Black "Jankovic, Vit"]
[Result "1-0"]
[WhiteElo "1153"]
[BlackElo "1099"]
[PlyCount "73"]
[EventDate "2017.??.??"]

1. d4 d5 2. c4 Nf6 3. cxd5 Nxd5 4. e4 Nb6 5. Nf3 e6 6. a3 Bd7 7. Nc3 Be7 8. Be2
c5 9. Be3 Nc6 10. dxc5 Nc8 11. b4 a6 12. Bd4 Nxd4 13. Qxd4 Bf6 14. e5 Be7 15.
Rd1 O-O 16. Bd3 Bc6 17. Be4 Qxd4 18. Rxd4 Rd8 19. Bxc6 bxc6 20. O-O a5 21.
Rxd8+ Bxd8 22. Nd4 Na7 23. h3 axb4 24. axb4 f6 25. Ra1 fxe5 26. Nxc6 Bc7 27.
Rxa7 Rxa7 28. Nxa7 g6 29. b5 Ba5 30. b6 Bxc3 31. b7 Bd4 32. b8=Q+ Kg7 33. c6
Bxa7 34. Qxa7+ Kf6 35. c7 h5 36. c8=Q g5 37. Qf8+ 1-0

[Event "SR 5. liga SE-SI 2017/2018"]
[Site "?"]
[Date "2017.12.16"]
[Round "5.4"]
[White "Buraj, Patrik"]
[Black "Vozar, Adam"]
[Result "1-0"]
[WhiteElo "1000"]
[BlackElo "1058"]
[PlyCount "69"]
[EventDate "2017.??.??"]

1. e4 c5 2. Nf3 Nc6 3. Bb5 g6 4. Nc3 Nd4 5. d3 Bg7 6. Be3 e5 7. Bxd4 cxd4 8.
Nd5 Qa5+ 9. Qd2 Qxb5 10. Nc7+ Kd8 11. Nxb5 Ne7 12. Nd6 Rf8 13. O-O f5 14. Qg5
Bf6 15. Qh6 Rh8 16. Nf7+ Ke8 17. Nxh8 Bxh8 18. Qxh7 Bf6 19. Nh4 Bxh4 20. Qxh4
d5 21. Qh8+ Kf7 22. Qxe5 Nc6 23. Qxd5+ Be6 24. Qd6 Rd8 25. Qc7+ Ke8 26. Qxb7
Rc8 27. exf5 gxf5 28. Rfe1 Kd8 29. Rxe6 Rc7 30. Rd6+ Ke8 31. Qxc7 Kf8 32. Qxc6
Kg8 33. Qc8+ Kf7 34. Qc7+ Ke8 35. Rd8# 1-0

[Event "SR 5. liga SE-SI 2017/2018"]
[Site "?"]
[Date "2018.01.20"]
[Round "6.1"]
[White "Jarabek, Milan"]
[Black "Visvader, Kristof"]
[Result "1/2-1/2"]
[WhiteElo "1734"]
[BlackElo "1264"]
[PlyCount "70"]
[EventDate "2017.??.??"]
[WhiteTeam "Å K Skalica D"]
[BlackTeam "Interchess ZÅ  BorskÃ½ MikulÃ¡Å¡"]

1. e4 e5 2. d4 exd4 3. c3 d3 4. Bxd3 Nc6 5. Nf3 d5 6. exd5 Qxd5 7. O-O Be6 8.
c4 Qd7 9. Be2 O-O-O 10. Qxd7+ Rxd7 11. b3 Be7 12. Bb2 Bf6 13. Bxf6 Nxf6 14. Nc3
h5 15. Rad1 h4 16. Ng5 Re7 17. Nxe6 Rxe6 18. Bf3 Ne5 19. Bd5 Nxd5 20. cxd5 Rg6
21. f4 Nd7 22. Ne4 f6 23. d6 c6 24. h3 Rgh6 25. b4 Rg8 26. b5 c5 27. Rd5 b6 28.
Re1 Rh7 29. Kf2 g6 30. Rd3 g5 31. fxg5 fxg5 32. Nc3 Rf7+ 33. Rf3 Rgf8 34. Nd5
Rxf3+ 35. gxf3 Nf6 1/2-1/2

[Event "SR 5. liga SE-SI 2017/2018"]
[Site "?"]
[Date "2018.01.20"]
[Round "6.1"]
[White "Nemeckay, Dominik"]
[Black "Romanova, Ela"]
[Result "1-0"]
[WhiteElo "1462"]
[BlackElo "1438"]
[PlyCount "55"]
[EventDate "2017.??.??"]
[WhiteTeam "Interchess ZÅ  BorskÃ½ MikulÃ¡Å¡"]
[BlackTeam "Å K Skalica D"]

1. e4 e5 2. Nf3 Nc6 3. Bc4 Bc5 4. c3 Nf6 5. d3 d6 6. Be3 Bb6 7. Nbd2 Be6 8. Bb5
Bd7 9. Ba4 O-O 10. Bc2 Bg4 11. h3 Bh5 12. g4 Bg6 13. Nh4 Nxe4 14. Nxe4 Qxh4 15.
Bg5 Bxf2+ 16. Ke2 Qh5 17. gxh5 Bxh5+ 18. Kxf2 Bxd1 19. Raxd1 f6 20. Bd2 f5 21.
Ng5 Rae8 22. Rde1 h6 23. Nf3 d5 24. Bb3 Ne7 25. Rxe5 Kh7 26. Rhe1 Rf7 27. Bxd5
Nxd5 28. Rxe8 1-0

[Event "SR 5. liga SE-SI 2017/2018"]
[Site "?"]
[Date "2018.01.20"]
[Round "6.1"]
[White "Dubanova, Kristina"]
[Black "Visvader, Rudolf"]
[Result "0-1"]
[WhiteElo "1021"]
[BlackElo "1285"]
[PlyCount "72"]
[EventDate "2017.??.??"]
[WhiteTeam "Å K Skalica D"]
[BlackTeam "Interchess ZÅ  BorskÃ½ MikulÃ¡Å¡"]

1. e4 e5 2. Nf3 Nc6 3. Bc4 Be7 4. c3 d6 5. d3 Bg4 6. h3 Bh5 7. Be3 h6 8. Nbd2
Nf6 9. Qb3 b6 10. g4 Bg6 11. Nh4 a6 12. Nxg6 fxg6 13. Bf7+ Kf8 14. Bxg6 d5 15.
c4 Na5 16. Qc2 d4 17. Bxd4 Qxd4 18. Nf3 Bb4+ 19. Kf1 Qd6 20. a3 Nc6 21. axb4
Nxb4 22. Qc3 Qxd3+ 23. Kg2 Qxc3 24. bxc3 Nd3 25. Bf5 g6 26. Bxg6 Nf4+ 27. Kg3
Nxg6 28. Rhe1 Kf7 29. Rad1 Rad8 30. h4 Nxe4+ 31. Kg2 Rxd1 32. Rxd1 Nxc3 33. Re1
Ke6 34. h5 Nf4+ 35. Kg3 Nce2+ 36. Kh2 e4 0-1

[Event "SR 5. liga SE-SI 2017/2018"]
[Site "?"]
[Date "2018.01.20"]
[Round "6.1"]
[White "Buraj, Patrik"]
[Black "Paksi, Alexander"]
[Result "1-0"]
[WhiteElo "1000"]
[BlackElo "1000"]
[PlyCount "59"]
[EventDate "2017.??.??"]
[WhiteTeam "Interchess ZÅ  BorskÃ½ MikulÃ¡Å¡"]
[BlackTeam "Å K Skalica D"]

1. e4 e5 2. Nf3 Nc6 3. Bb5 d6 4. Nc3 Bd7 5. d3 Be7 6. Nd5 Nf6 7. Bg5 O-O 8. Qd2
a6 9. Ba4 h6 10. Nxe7+ Qxe7 11. Bh4 b5 12. Bb3 a5 13. a3 a4 14. Ba2 Rab8 15.
Bd5 Rb6 16. b4 Be6 17. c4 Nd4 18. Nxd4 exd4 19. O-O Nxe4 20. dxe4 Qxh4 21. Bxe6
fxe6 22. Qxd4 e5 23. Qe3 bxc4 24. Rac1 Rc6 25. Qe2 Qg5 26. Rxc4 Rxc4 27. Qxc4+
Kh8 28. Qxc7 Rf3 29. Qc8+ Qd8 30. Qxd8+ 1-0

[Event "SR 5. liga SE-SI 2017/2018"]
[Site "?"]
[Date "2018.01.20"]
[Round "6.1"]
[White "Janota, Frantisek"]
[Black "Viveiros, Cristino"]
[Result "1-0"]
[WhiteElo "1000"]
[BlackElo "1000"]
[PlyCount "47"]
[EventDate "2017.??.??"]
[WhiteTeam "Å K Skalica D"]
[BlackTeam "Interchess ZÅ  BorskÃ½ MikulÃ¡Å¡"]

1. e4 e5 2. Nf3 Nc6 3. Bb5 a6 4. Bxc6 bxc6 5. Nxe5 Bd6 6. Nf3 Nf6 7. Nc3 a5 8.
e5 Qe7 9. Qe2 Ba6 10. d3 Rb8 11. exd6 cxd6 12. Qxe7+ Kxe7 13. O-O Rhe8 14. Re1+
Kf8 15. Rxe8+ Rxe8 16. Bf4 Ng4 17. Bxd6+ Kg8 18. Re1 Rd8 19. h3 Nf6 20. Ne4 Nd5
21. Nc5 Rb8 22. b3 Ra8 23. Nxa6 Rxa6 24. Re8# 1-0

[Event "SR 5. liga SE-SI 2017/2018"]
[Site "?"]
[Date "2018.01.20"]
[Round "6.2"]
[White "Jakubec, Milan"]
[Black "Drozd, Jan"]
[Result "1-0"]
[WhiteElo "1998"]
[BlackElo "1534"]
[PlyCount "43"]
[EventDate "2017.??.??"]
[WhiteTeam "Å O Spartak Myjava"]
[BlackTeam "CVÄŒ Senica D"]

1. e4 e5 2. Nf3 Nc6 3. Bc4 Bc5 4. c3 Nf6 5. d4 exd4 6. e5 Ng4 7. cxd4 Bb4+ 8.
Nc3 d5 9. exd6 Qxd6 10. O-O Bxc3 11. bxc3 O-O 12. h3 Nf6 13. a4 a5 14. Ba3 Qd8
15. Bxf8 Kxf8 16. Qb3 Qd7 17. Rfe1 h6 18. Rad1 b6 19. Ne5 Nxe5 20. dxe5 Qf5 21.
exf6 Qxf6 22. Bxf7 1-0

[Event "SR 5. liga SE-SI 2017/2018"]
[Site "?"]
[Date "2018.01.20"]
[Round "6.2"]
[White "Bazovsky, Max"]
[Black "Solovic, Rastislav"]
[Result "0-1"]
[WhiteElo "1350"]
[BlackElo "1844"]
[PlyCount "80"]
[EventDate "2017.??.??"]
[WhiteTeam "CVÄŒ Senica D"]
[BlackTeam "Å O Spartak Myjava"]

1. d4 d5 2. e3 Nf6 3. Bd3 g6 4. c4 Bg7 5. Nc3 O-O 6. cxd5 Nxd5 7. Qb3 c6 8. f4
Qd6 9. Nf3 Nd7 10. O-O Nxc3 11. bxc3 b6 12. e4 Bb7 13. e5 Qc7 14. e6 Nf6 15.
exf7+ Rxf7 16. Ng5 Raf8 17. Nxf7 Rxf7 18. Bc4 Nd5 19. Bd3 Kf8 20. f5 e6 21.
fxg6 Rxf1+ 22. Bxf1 hxg6 23. Bd3 c5 24. Bg5 cxd4 25. Rf1+ Kg8 26. c4 Qe5 27.
Bh4 Nf4 28. Bg3 Qe3+ 29. Bf2 Qxd3 30. Re1 Qxb3 31. axb3 d3 32. Be3 Nxg2 33. Kf2
Nxe1 34. Kxe1 Bc3+ 35. Kd1 Bf3+ 36. Kc1 Kf7 37. Bg5 e5 38. Be3 Ke6 39. Bg5 Kf5
40. Be3 g5 0-1

[Event "SR 5. liga SE-SI 2017/2018"]
[Site "?"]
[Date "2018.01.20"]
[Round "6.2"]
[White "Rehak, Vladimir"]
[Black "Kaufman, Robert"]
[Result "1-0"]
[WhiteElo "1590"]
[BlackElo "1302"]
[PlyCount "69"]
[EventDate "2017.??.??"]
[WhiteTeam "Å O Spartak Myjava"]
[BlackTeam "CVÄŒ Senica D"]

1. e4 e5 2. Nf3 Nc6 3. Bb5 a6 4. Ba4 b5 5. Bb3 Bc5 6. d3 h6 7. Nc3 Nf6 8. a4 b4
9. Nd5 Bd4 10. c3 bxc3 11. bxc3 Nxd5 12. cxd4 Nc3 13. Qc2 exd4 14. Ba3 a5 15.
Nxd4 Nxd4 16. Qxc3 Qf6 17. Rc1 Ra7 18. Bd1 d6 19. O-O O-O 20. f4 Re8 21. Bb2
Rb7 22. Qxd4 Rxb2 23. Qxf6 gxf6 24. Rxc7 Rd2 25. Bh5 Be6 26. f5 Ba2 27. Rc3 Rb8
28. Rfc1 Rbb2 29. Bf3 Rb6 30. Rc8+ Kg7 31. Ra8 Rxd3 32. Rxa5 Rd4 33. Ra7 Bc4
34. Kf2 Ra6 35. Rxc4 1-0

[Event "SR 5. liga SE-SI 2017/2018"]
[Site "?"]
[Date "2018.01.20"]
[Round "6.2"]
[White "Kaufman, Roman"]
[Black "Durec, Martin"]
[Result "0-1"]
[WhiteElo "1000"]
[BlackElo "1156"]
[PlyCount "108"]
[EventDate "2017.??.??"]
[WhiteTeam "CVÄŒ Senica D"]
[BlackTeam "Å O Spartak Myjava"]

1. e4 e5 2. Nf3 Nc6 3. Bb5 Bc5 4. Bxc6 dxc6 5. O-O Bg4 6. h3 Bh5 7. d3 f6 8. a3
Qd7 9. b4 Bb6 10. c4 Bd4 11. Ra2 b5 12. Bb2 Bxb2 13. Rxb2 Ne7 14. Qb3 Bxf3 15.
gxf3 Qxh3 16. d4 Ng6 17. f4 Qxb3 18. Rxb3 Nxf4 19. cxb5 cxb5 20. Rg3 Ne2+ 21.
Kg2 Nxg3 22. Kxg3 exd4 23. Rd1 Rd8 24. Nd2 Kf7 25. f4 h5 26. Nf3 Rhe8 27. e5
fxe5 28. fxe5 g6 29. Rf1 Kg7 30. Kh4 d3 31. Rd1 d2 32. Kg5 Rd3 33. Kf4 Rf8+ 34.
Ke4 Rfxf3 35. Rxd2 Rxd2 36. Kxf3 Rd4 37. Ke3 h4 38. Kxd4 h3 39. Kd5 h2 40. Kc5
h1=Q 41. Kxb5 Qd5+ 42. Ka6 Qd3+ 43. Kxa7 Qxa3+ 44. Kb7 Qxb4+ 45. Kxc7 Qc5+ 46.
Kd7 Qxe5 47. Kd8 Qd6+ 48. Ke8 Qa6 49. Ke7 Qb6 50. Ke8 Kf6 51. Kd7 g5 52. Kc8
Qa7 53. Kd8 Qb7 54. Ke8 Qe7# 0-1

[Event "SR 5. liga SE-SI 2017/2018"]
[Site "?"]
[Date "2018.01.20"]
[Round "6.2"]
[White "Belak, Michal"]
[Black "Kaufmanova, Karin"]
[Result "1-0"]
[WhiteElo "1000"]
[BlackElo "1092"]
[PlyCount "55"]
[EventDate "2017.??.??"]
[WhiteTeam "Å O Spartak Myjava"]
[BlackTeam "CVÄŒ Senica D"]

1. e4 e5 2. Nf3 Nc6 3. d4 exd4 4. Nxd4 Nxd4 5. Qxd4 Nf6 6. Bg5 Be7 7. Be2 c6 8.
O-O d5 9. e5 Ne4 10. Bxe7 Qxe7 11. Bd3 O-O 12. Nc3 Nxc3 13. Qxc3 Qg5 14. Rfe1
Re8 15. Re3 Qd8 16. Rg3 g6 17. Rf1 Qb6 18. Kh1 Kh8 19. e6+ Kg8 20. exf7+ Kxf7
21. Rf3+ Kg8 22. Qf6 Bg4 23. Bxg6 Rf8 24. Bxh7+ Kxh7 25. Qh4+ Bh5 26. Qxh5+ Kg7
27. Qg5+ Kh7 28. Rh3# 1-0

[Event "SR 5. liga SE-SI 2017/2018"]
[Site "?"]
[Date "2018.01.20"]
[Round "6.3"]
[White "Papanek, Lubomir"]
[Black "Trojkova, Michaela"]
[Result "0-1"]
[WhiteElo "1603"]
[BlackElo "1656"]
[PlyCount "144"]
[EventDate "2017.??.??"]
[WhiteTeam "Å K Nafta Gbely D"]
[BlackTeam "CVÄŒ Senica C"]

1. e4 c5 2. Nf3 Nc6 3. d4 cxd4 4. Nxd4 g6 5. Be3 Bg7 6. Nc3 Nf6 7. Bc4 Qa5 8.
Nxc6 bxc6 9. Bd2 Qb4 10. Qe2 Qxb2 11. Rb1 Qa3 12. O-O O-O 13. Rb3 Qc5 14. Be3
Qh5 15. f3 d6 16. Qd2 Qa5 17. Qc1 Qc7 18. Qd2 Rb8 19. Rfb1 Rxb3 20. cxb3 Bd7
21. Rd1 c5 22. Nd5 Nxd5 23. exd5 Rb8 24. Qc2 Bb5 25. Re1 Bxc4 26. Qxc4 Rb4 27.
Qe2 Kf8 28. Bd2 Rb7 29. Qd3 Qb6 30. Kh1 Qb5 31. Qe4 Qd7 32. h4 Qf5 33. g4 Qxe4
34. Rxe4 Bd4 35. f4 Bf2 36. h5 Bd4 37. f5 gxf5 38. gxf5 Bf6 39. Bh6+ Bg7 40.
Bg5 h6 41. Bd2 Rb8 42. Ra4 Rb7 43. Kg2 Kg8 44. Kf3 Kh7 45. Be1 Bf6 46. Kg4 Bg5
47. Bc3 Kg8 48. Ra6 f6 49. Ra4 Kf7 50. Be1 Rc7 51. Rc4 Rb7 52. b4 cxb4 53. Rxb4
Rc7 54. Bf2 Rc2 55. Bxa7 Rxa2 56. Bd4 Rg2+ 57. Kh3 Re2 58. Bg1 Re5 59. Kg4 Rxd5
60. Bh2 Rd2 61. Bf4 Bxf4 62. Kxf4 Rg2 63. Rb3 Rh2 64. Kg4 Rg2+ 65. Kh4 Rg5 66.
Rf3 Ke8 67. Rg3 Rxg3 68. Kxg3 Kd7 69. Kf4 d5 70. Ke3 Kd6 71. Kd4 e5+ 72. fxe6
Kxe6 0-1

[Event "SR 5. liga SE-SI 2017/2018"]
[Site "?"]
[Date "2018.01.20"]
[Round "6.3"]
[White "Hrdlicka, Martin"]
[Black "Mraz, Jan"]
[Result "0-1"]
[WhiteElo "1421"]
[BlackElo "1537"]
[PlyCount "62"]
[EventDate "2017.??.??"]
[WhiteTeam "CVÄŒ Senica C"]
[BlackTeam "Å K Nafta Gbely D"]

1. e4 b6 2. d4 Bb7 3. Nc3 g6 4. Bf4 d6 5. Bb5+ Nd7 6. Nf3 Bg7 7. d5 a6 8. Bc6
Bxc6 9. dxc6 Nc5 10. Qd2 e5 11. Bg3 Ne7 12. Bh4 O-O 13. O-O f6 14. Rad1 Qe8 15.
b4 Ne6 16. Nd5 Nxd5 17. exd5 Nf4 18. Rfe1 Bh6 19. Qc3 g5 20. Bg3 Qf7 21. Bxf4
gxf4 22. Rd3 Qh5 23. Nd2 Rf7 24. f3 Rg7 25. Nc4 Rg6 26. Nd2 Kh8 27. Nf1 Rag8
28. Re2 Bf8 29. Qd2 Be7 30. Qe1 f5 31. Kh1 Bh4 0-1

[Event "SR 5. liga SE-SI 2017/2018"]
[Site "?"]
[Date "2018.01.20"]
[Round "6.3"]
[White "Hyza, Richard"]
[Black "Nater, Nikolas"]
[Result "1/2-1/2"]
[WhiteElo "1390"]
[BlackElo "1322"]
[PlyCount "72"]
[EventDate "2017.??.??"]
[WhiteTeam "Å K Nafta Gbely D"]
[BlackTeam "CVÄŒ Senica C"]

1. e4 e5 2. Nf3 Nc6 3. Bc4 Nf6 4. d3 Bc5 5. Nc3 d6 6. Be3 Bb6 7. Ng5 O-O 8. O-O
Bg4 9. Qd2 Bh5 10. Nd5 Nxd5 11. Bxd5 h6 12. Nf3 Bxf3 13. gxf3 Nd4 14. Bxd4 Bxd4
15. c3 c6 16. cxd4 cxd5 17. exd5 exd4 18. Rac1 Rc8 19. Rfe1 Re8 20. Re4 Rxe4
21. Rxc8 Qxc8 22. dxe4 Qc4 23. Qa5 a6 24. b3 Qc2 25. Qd8+ Kh7 26. Qd7 Qc1+ 27.
Kg2 h5 28. Qf5+ Kh6 29. f4 f6 30. e5 dxe5 31. fxe5 fxe5 32. Qe6+ g6 33. Qg8 Kg5
34. Qd8+ Kf5 35. Qf8+ Kg5 36. Qd8+ Kf5 1/2-1/2

[Event "SR 5. liga SE-SI 2017/2018"]
[Site "?"]
[Date "2018.01.20"]
[Round "6.3"]
[White "Oslej, Marek"]
[Black "Ralbovsky, Dominik"]
[Result "0-1"]
[WhiteElo "1180"]
[BlackElo "1079"]
[PlyCount "82"]
[EventDate "2017.??.??"]
[WhiteTeam "CVÄŒ Senica C"]
[BlackTeam "Å K Nafta Gbely D"]

1. e4 b6 2. Nc3 Bb7 3. Bc4 e6 4. d3 Nf6 5. Bg5 h6 6. Bh4 Be7 7. Nge2 O-O 8. O-O
d6 9. Bb3 Nbd7 10. Qd2 Nh5 11. Bxe7 Qxe7 12. Nd1 d5 13. f3 c5 14. Rc1 Nhf6 15.
Nf2 Bc6 16. c3 a5 17. a4 b5 18. Ra1 Nb6 19. axb5 Bxb5 20. Bc2 c4 21. Nd4 Qc5
22. Nxb5 Qxb5 23. Rfb1 Nfd7 24. b3 Qc5 25. b4 axb4 26. cxb4 Qd4 27. Rxa8 Rxa8
28. Kf1 Ra2 29. Rc1 c3 30. Qe2 Qxb4 31. Qe3 d4 32. Qe2 Qb2 33. Qd1 Nc5 34. Rb1
Qxc2 35. Qxc2 Rxc2 36. Rxb6 Rb2 37. Rc6 Nb3 38. Nd1 Rd2 39. Ke1 c2 40. Rc8+ Kh7
41. g3 Rxd1+ 0-1

[Event "SR 5. liga SE-SI 2017/2018"]
[Site "?"]
[Date "2018.01.20"]
[Round "6.3"]
[White "Lanza, Matej"]
[Black "Valent, Tomas"]
[Result "0-1"]
[WhiteElo "1228"]
[BlackElo "1189"]
[PlyCount "78"]
[EventDate "2017.??.??"]
[WhiteTeam "Å K Nafta Gbely D"]
[BlackTeam "CVÄŒ Senica C"]

1. d4 d5 2. Nf3 Nc6 3. Nc3 Nf6 4. e3 e6 5. Bd3 Bd7 6. Bd2 Bd6 7. Qe2 e5 8. dxe5
Nxe5 9. Nxe5 Bxe5 10. Bb5 a6 11. Bxd7+ Qxd7 12. O-O-O O-O-O 13. Qd3 d4 14. Ne2
Qd6 15. e4 Qc6 16. f3 Qb6 17. Kb1 Nd7 18. Qa3 Qb5 19. Bb4 Qxe2 20. g3 Qb5 21.
Rd2 Nb6 22. Rd3 Qa4 23. Qb3 Qxb3 24. Rxb3 Bd6 25. Bxd6 Rxd6 26. e5 Re6 27. f4
f6 28. exf6 gxf6 29. f5 Re5 30. g4 Rhe8 31. a3 Nc4 32. Rd3 Re4 33. Rhd1 Rxg4
34. h3 Rf4 35. Rg1 Rxf5 36. Rdg3 Rf1+ 37. Rxf1 Nd2+ 38. Kc1 Nxf1 39. Rf3 Re1#
0-1

[Event "SR 5. liga SE-SI 2017/2018"]
[Site "?"]
[Date "2018.01.20"]
[Round "6.4"]
[White "Cambal, Peter"]
[Black "Bartos, Bohumil"]
[Result "1/2-1/2"]
[WhiteElo "1433"]
[BlackElo "1565"]
[PlyCount "31"]
[EventDate "2017.??.??"]
[WhiteTeam "Å achovÃ½ klub HolÃ­Ä� C"]
[BlackTeam "Å K Skalica C"]

1. Nf3 d5 2. g3 Nf6 3. Bg2 Bf5 4. O-O e6 5. b3 Nbd7 6. Bb2 Bd6 7. Nc3 a6 8. d3
Bg6 9. Re1 O-O 10. e4 dxe4 11. dxe4 e5 12. Nd2 b5 13. Nd5 c6 14. Nxf6+ Nxf6 15.
Kh1 Qc7 16. f4 1/2-1/2

[Event "SR 5. liga SE-SI 2017/2018"]
[Site "?"]
[Date "2018.01.20"]
[Round "6.4"]
[White "Davidik, Miroslav"]
[Black "Svrcek, Daniel"]
[Result "1-0"]
[WhiteElo "1400"]
[BlackElo "1270"]
[PlyCount "110"]
[EventDate "2017.??.??"]
[WhiteTeam "Å K Skalica C"]
[BlackTeam "Å achovÃ½ klub HolÃ­Ä� C"]

1. b4 e6 2. Bb2 d5 3. e3 Nf6 4. a3 Be7 5. d4 a6 6. c4 O-O 7. Nf3 Nc6 8. Nbd2 b6
9. Qc2 h6 10. Be2 Bb7 11. Rc1 Rc8 12. O-O Bd6 13. h3 Re8 14. Rfe1 Qd7 15. Qb1
Red8 16. Kh1 Kh8 17. c5 Be7 18. b5 axb5 19. Bxb5 Qe8 20. Ne5 Ng8 21. Ndf3 Bf6
22. Kg1 Nge7 23. a4 Qf8 24. Rc2 Bxe5 25. dxe5 Ra8 26. cxb6 cxb6 27. Rec1 Rdc8
28. Bd4 Nxd4 29. Nxd4 Rxc2 30. Rxc2 Rc8 31. Qc1 Qd8 32. Kf1 Kg8 33. Ke2 Kf8 34.
f4 Rxc2+ 35. Qxc2 Nc8 36. g4 g6 37. Kd3 Qe7 38. Qc3 Kg7 39. Qe1 Na7 40. Qf2
Qa3+ 41. Ke2 Qb2+ 42. Kf3 Qb1 43. Kg3 Qe4 44. Qf3 Qb1 45. Qf2 Qe4 46. Kh2 Qb1
47. Qc2 Qe1 48. Qe2 Qb1 49. Qd2 Nxb5 50. axb5 Qf1 51. Qe2 Qb1 52. Qc2 Qa1 53.
f5 Qe1 54. Qe2 Qb1 55. f6+ Kg8 1-0

[Event "SR 5. liga SE-SI 2017/2018"]
[Site "?"]
[Date "2018.01.20"]
[Round "6.4"]
[White "Horak, Viliam"]
[Black "Londin, Lukas Vojtech"]
[Result "0-1"]
[WhiteElo "1207"]
[BlackElo "1311"]
[PlyCount "46"]
[EventDate "2017.??.??"]
[WhiteTeam "Å achovÃ½ klub HolÃ­Ä� C"]
[BlackTeam "Å K Skalica C"]

1. d4 b6 2. e4 Bb7 3. Nc3 e6 4. Bd3 Nf6 5. Bg5 h6 6. Bh4 g5 7. Bg3 Bb4 8. Be5
d6 9. Bxf6 Qxf6 10. Nge2 Nd7 11. O-O O-O-O 12. Bc4 h5 13. a3 Bxc3 14. Nxc3 h4
15. h3 Rdg8 16. Be2 Qg6 17. Re1 f5 18. f3 Nf6 19. Bd3 Nh5 20. e5 Nf4 21. Bf1 g4
22. Kf2 gxf3 23. gxf3 Qg1# 0-1

[Event "SR 5. liga SE-SI 2017/2018"]
[Site "?"]
[Date "2018.01.20"]
[Round "6.4"]
[White "Londinova, Jasmina Marie"]
[Black "Sefcik, Oliver"]
[Result "1/2-1/2"]
[WhiteElo "1115"]
[BlackElo "1116"]
[PlyCount "91"]
[EventDate "2017.??.??"]
[WhiteTeam "Å K Skalica C"]
[BlackTeam "Å achovÃ½ klub HolÃ­Ä� C"]

1. e4 d5 2. exd5 Qxd5 3. Nc3 Qa5 4. b3 c6 5. Nf3 Nf6 6. h3 Bf5 7. Bb2 e6 8. Be2
Nbd7 9. O-O Be7 10. d3 O-O 11. Qd2 Nb6 12. Rfd1 Ba3 13. Bxa3 Qxa3 14. Ne5 Qd6
15. Nc4 Nxc4 16. dxc4 Qxd2 17. Rxd2 Rad8 18. Rad1 Rxd2 19. Rxd2 Re8 20. Bd3 Rd8
21. Kf1 Ne4 22. Nxe4 Bxe4 23. f3 Bxd3+ 24. cxd3 c5 25. Kf2 f6 26. g4 g5 27. Ke3
Rd4 28. Rf2 e5 29. Re2 Kg7 30. Kd2 Rf4 31. Ke3 Kg6 32. Kf2 h5 33. Kg3 h4+ 34.
Kg2 Kf7 35. Re4 Rxe4 36. dxe4 Ke7 37. Kf2 Kd6 38. Ke3 Kc6 39. Kd3 b5 40. cxb5+
Kxb5 41. Kc3 a5 42. a3 Kc6 43. Kc4 Kb6 44. a4 Kc6 45. Kc3 Kd7 46. Kd3 1/2-1/2

[Event "SR 5. liga SE-SI 2017/2018"]
[Site "?"]
[Date "2018.01.20"]
[Round "6.4"]
[White "Sefcik, Marek"]
[Black "Londin, Michal Karol"]
[Result "0-1"]
[WhiteElo "1050"]
[BlackElo "1070"]
[PlyCount "118"]
[EventDate "2017.??.??"]
[WhiteTeam "Å achovÃ½ klub HolÃ­Ä� C"]
[BlackTeam "Å K Skalica C"]

1. e4 e5 2. Nf3 Nc6 3. Bc4 Nf6 4. Nc3 Bc5 5. d3 d6 6. h3 h6 7. Be3 b6 8. Bb5
Qd7 9. a3 a6 10. Ba4 b5 11. Bb3 Qe7 12. Nd5 Nxd5 13. exd5 Nd4 14. Nxd4 exd4 15.
Qe2 dxe3 16. f3 b4 17. c4 Bd7 18. O-O-O a5 19. a4 c6 20. d4 Bb6 21. Rd3 Qg5 22.
h4 Qf4 23. dxc6 Bf5 24. Rxe3+ Kd8 25. Kd1 Qxd4+ 26. Qd2 Qxe3 27. Qxd6+ Ke8 28.
Re1 Rd8 29. Qxd8+ Kxd8 30. Rxe3 Bxe3 31. g4 Bd3 32. c5 Kc7 33. Bd5 g5 34. h5
Rd8 35. Bxf7 Kxc6 36. Ke1 Rf8 37. Bg6 Rxf3 38. Bxd3 Bf2+ 39. Ke2 Re3+ 40. Kd2
Kxc5 41. Bb5 Rg3 42. Be2 Bd4 43. b3 Bc3+ 44. Kc2 Rg2 45. Kd1 Kd4 46. Bf3 Rd2+
47. Ke1 Rb2+ 48. Kf1 Ke3 49. Bd5 Be5 50. Bc4 Kf3 51. Bd5+ Ke3 52. Bc4 Rf2+ 53.
Ke1 Bc3+ 54. Kd1 Rd2+ 55. Kc1 Bb2+ 56. Kb1 Kd4 57. Ka2 Kc3 58. Kb1 Rd1+ 59. Ka2
Ra1# 0-1

[Event "SR 5. liga SE-SI 2017/2018"]
[Site "?"]
[Date "2018.02.17"]
[Round "7.1"]
[White "Ocko, Martin"]
[Black "Holiencin, Filip"]
[Result "1/2-1/2"]
[WhiteElo "2007"]
[BlackElo "1723"]
[PlyCount "136"]
[EventDate "2017.??.??"]
[WhiteTeam "CVÄŒ Senica C"]
[BlackTeam "Å achovÃ½ klub HolÃ­Ä� C"]

1. e4 c5 2. Na3 Nc6 3. Bb5 Qc7 4. c3 a6 5. Bxc6 Qxc6 6. d3 g6 7. Ne2 Bg7 8. O-O
d5 9. exd5 Qxd5 10. Nf4 Qc6 11. Qe2 Nf6 12. Re1 O-O 13. Nc4 b6 14. Qf3 Qxf3 15.
gxf3 b5 16. Nb6 Ra7 17. Be3 Rc7 18. Nfd5 Nxd5 19. Nxd5 Rd7 20. Nb6 Rxd3 21.
Bxc5 Be6 22. Be3 Rb8 23. a4 Rxe3 24. fxe3 Rxb6 25. axb5 Rxb5 26. Rxa6 Bf6 27.
Ra8+ Kg7 28. Re2 Bd5 29. Ra7 Bxf3 30. Rf2 Bg4 31. c4 Rb3 32. c5 Rxe3 33. Rd2
Re4 34. Ra5 Rc4 35. Kg2 Bh4 36. Rb5 Be1 37. b3 Bxd2 38. bxc4 Be6 39. c6 Bxc4
40. Rc5 Be6 41. c7 Bb4 42. c8=Q Bxc8 43. Rxc8 Kf6 44. Kf3 Kf5 45. Rc4 Bd6 46.
h3 e5 47. Ra4 Ke6 48. Kg4 h5+ 49. Kg5 Be7+ 50. Kh6 Kf5 51. Kg7 g5 52. Kxf7 Bc5
53. Ra1 g4 54. Rf1+ Kg5 55. hxg4 hxg4 56. Ke6 Bd4 57. Kd5 Kh4 58. Ke4 Kg3 59.
Rf8 Kg2 60. Rg8 g3 61. Rg7 Kf2 62. Rf7+ Kg2 63. Rg7 Kh2 64. Rh7+ Kg2 65. Rg7
Bc3 66. Rg8 Bd4 67. Rg7 Kh2 68. Rh7+ Kg2 1/2-1/2

[Event "SR 5. liga SE-SI 2017/2018"]
[Site "?"]
[Date "2018.02.17"]
[Round "7.1"]
[White "Daniel, Dusan"]
[Black "Hrdlicka, Martin"]
[Result "0-1"]
[WhiteElo "1484"]
[BlackElo "1401"]
[PlyCount "78"]
[EventDate "2017.??.??"]
[WhiteTeam "Å achovÃ½ klub HolÃ­Ä� C"]
[BlackTeam "CVÄŒ Senica C"]

1. e4 e5 2. Nf3 Nc6 3. Bc4 Bc5 4. d3 d6 5. h3 Nf6 6. Bg5 Be6 7. Nc3 Qd7 8. O-O
O-O-O 9. Nd5 Bxd5 10. Bxd5 h6 11. Be3 g5 12. Nd2 g4 13. hxg4 Nxg4 14. Qf3 f6
15. Qf5 Qxf5 16. exf5 Nxe3 17. fxe3 Bxe3+ 18. Rf2 Bxf2+ 19. Kxf2 Kd7 20. Re1
Nd4 21. c3 Nxf5 22. d4 c6 23. Bf3 Kc7 24. Re4 d5 25. Rg4 Rhg8 26. dxe5 fxe5 27.
Nb3 Rxg4 28. Bxg4 Nd6 29. Nc5 Ne4+ 30. Nxe4 dxe4 31. Ke3 Rg8 32. Be6 Rxg2 33.
b4 Kd6 34. Bf7 Rg3+ 35. Kxe4 Rxc3 36. Kf5 Rf3+ 37. Kg6 Rxf7 38. Kxf7 e4 39. Kf6
e3 0-1

[Event "SR 5. liga SE-SI 2017/2018"]
[Site "?"]
[Date "2018.02.17"]
[Round "7.1"]
[White "Nater, Nikolas"]
[Black "Svrcek, Daniel"]
[Result "0-1"]
[WhiteElo "1326"]
[BlackElo "1270"]
[PlyCount "54"]
[EventDate "2017.??.??"]
[WhiteTeam "CVÄŒ Senica C"]
[BlackTeam "Å achovÃ½ klub HolÃ­Ä� C"]

1. e4 e6 2. Nc3 d5 3. exd5 exd5 4. Nf3 Nf6 5. d3 Bg4 6. g3 Bb4 7. Bg2 d4 8. a3
Qe7+ 9. Be3 Bxc3+ 10. bxc3 dxe3 11. O-O e2 12. Qe1 exf1=Q+ 13. Bxf1 Bxf3 14.
Qxe7+ Kxe7 15. Re1+ Kd7 16. Bg2 Bxg2 17. Kxg2 Re8 18. Rb1 b6 19. c4 Nc6 20. c3
Ne5 21. f4 Neg4 22. d4 Re2+ 23. Kf1 Rxh2 24. c5 Nd5 25. cxb6 axb6 26. c4 Nde3+
27. Ke1 Nxc4 0-1